000
00220 a2200097 4500
001
24096
100
_a
Barton, G
245
_a
Introductionto advanced field theory
260
_a
_b
North Holland
_c
090
_c
16296
_d
16296
942
_a
NUST-CAE
_c
M
_c
6998
999
_c
259169
_d
259169